000 00473nam a22001817a 4500
003 MPLRDC
005 20220104124150.0
008 210129b ||||| |||| 00| 0 eng d
082 _a859.6 ZYWJ*
100 _a藏语文教研室藏族文学小组编
245 _a藏族民间故事选
_c
250 _a一版一刷
260 _a
_b上海文艺出版社
_c1980
300 _b
490 _a少数民族民间文学丛书
650 _a
942 _cBK
_o859.6 ZYWJ*
999 _c17151
_d17141